000 01034nas a2200325 4500
001 BR2013005811
003 BR-BrBNA
005 20231205122717.0
007 ta
008 230509b bl.|||p| |||| 00| 00por d
040 _aBR-BrBNA
_bpor
_cBiblioteca Nacional de Agricultura
041 _a(Pt)
072 _aF03; H20
100 1 _aMenezes, M.
100 1 _aMachado, A.L.M.
100 1 _aSilveira, M. do C.V. da
100 1 _aSilva, R.L.X. da
245 1 _aBiocontrole de Macrophomina phaseolina com espécies de trichoderma aplicadas no tratamento de sementes de feijão e no solo
650 _aTRICHODERMA HARZIANUM
650 _aFEIJÃO
650 _aTRATAMENTO DE SEMENTE
650 _aSOLO
650 _aCONTROLE BIOLÓGICO
650 _aESTUFA
650 _aPATÓGENO
650 _aDOENÇA DE PLANTA
773 0 _tAnais da Academia Pernambucana de Ciência Agronômica (Brazil)
_xISSN 1980-0258
_g(2004), v. 1 p. 133-140
_wBR2013005811
909 _a202311
_bLúcia
_c55
_dLúcia Elande
942 _2AGRIS
_n0
_cANA
999 _c230109
_d230109